000 00364nam a2200121Ia 4500
003 GCL
008 140319s9999 xx 000 0 ara d
040 _aGCL /
_cGCL
245 1 0 _aتم نقل هذا الوعاء على رقم 508
250 _aالاولى
260 _aالقاهرة :
_bالعربى للنشر والتوزيع ،
_c0
300 _a157 ص ؛
_c25 سم
999 _c4896
_d4896